00000000nam##2200000za#4500
0019.632943
003CaOODSP
00520210624215101
007cr |||||||||||
008150407|2001||||xxc|||||o    f|0| 0 fre|d
040 |aCaOODSP|bfre
043 |an-cn---
0861 |aSW21-80/2001F-PDF
1101 |aCanada. |bCondition féminine Canada.
24510|aLes mouvements de femmes et le féminisme d'État : |h[ressource électronique]|bintégrer la diversité à l'élaboration des politiques gouvernementales / |c[par] L. Pauline Rankin et Jill Vickers; adjointe à la recherche : Ann-Marie Field.
260 |aOttawa - Ontario : |bCondition féminine Canada |c2001.
300 |a92p.
500 |a«Le présent document étudie les liens entre les mouvements de femmes et le féminisme d'État afin de découvrir les possibilités d'intégrer la diversité à l'élaboration des politiques gouvernementales, ainsi que les obstacles à cette démarche.»--Résumé.
500 |aLe n° de catalogue et l'ISBN de l'édition imprimée bilingue ont été incorrectement copiés dans cette édition électronique.
504 |aBibliographie.
5203 |aLe présent document étudie les liens entre les mouvements de femmes et le féminisme d'État afin de découvrir les possibilités d'intégrer la diversité à l'élaboration des politiques gouvernementales, ainsi que les obstacles à cette démarche.--Résumé
590 |a06-10-Supp|b2006-12-15
69107|aMouvement social|2gcpds
69107|aCondition de la femme|2gcpds
69107|aPolitique gouvernementale|2gcpds
69107|aViolence faite aux femmes|2gcpds
7201 |aVickers, Jill
7201 |aRankin, Pauline
77508|tWomen's movements and state feminism : |w(CaOODSP)9.688517
7760#|tWomen's movements and state feminism : |w(CaOODSP)9.662815
7760#|tLes mouvements de femmes et le féminisme d'État : |w(CaOODSP)9.662816
85640|ahttp://publications.gc.ca|qPDF|s665 Ko|uhttps://publications.gc.ca/collections/Collection/SW21-80-2001F.pdf